000 00331nam a22001457a 4500
008 210225b ||||| |||| 00| 0 eng d
020 _a9781897422014
041 _aeng
080 _a610.73
082 _a610.73
100 _a1
101 _aINF
245 _aMedical-Surgical Nursing in Canada
_cLewis, SH. L
942 _2udc
_cBK
999 _c55194
_d55194